| 000 | 00450nam a2200181Ia 4500 | ||
|---|---|---|---|
| 008 | 230524s9999 xx 000 0 und d | ||
| 020 | _a9789380422220 | ||
| 082 |
_a628 _bNAN |
||
| 100 | _aB.K.Nanda | ||
| 245 | 0 | _aEnvironmental Engineering & Safety | |
| 250 | _aIST | ||
| 260 |
_aBHUBANESWAR _bB K Publications _c2010 |
||
| 300 | _a306 | ||
| 500 | _aQuantity Number: 70 | ||
| 650 | _aEnvironmental | ||
| 700 | _a Trinath Biswal | ||
| 942 | _cBK | ||
| 999 |
_c48454 _d48454 |
||